Marketing strategy as a tool of business improvement - field research results in Slovakia
Marketingová stratégia ako nástroj úspešného podnikania. Typy marketingovej stratégie. Údaje a metódy výskumu. Diskusia.
Gespeichert in:
| 1. Verfasser: | |
|---|---|
| Format: | Buchkapitel |
| Sprache: | Englisch |
| Schlagworte: | |
| Tags: |
Keine Tags, Fügen Sie das erste Tag hinzu!
|
MARC
| LEADER | 00000naa$a2200000$$$4500 | ||
|---|---|---|---|
| 001 | 0050730 | ||
| 005 | 20240711093021.6 | ||
| 041 | 0 | |a eng | |
| 044 | |a PL | ||
| 245 | 1 | 0 | |a Marketing strategy as a tool of business improvement - field research results in Slovakia |c Dagmar Lesáková |
| 520 | |a Marketingová stratégia ako nástroj úspešného podnikania. Typy marketingovej stratégie. Údaje a metódy výskumu. Diskusia. | ||
| 610 | 2 | 0 | |a stratégia marketingová |
| 610 | 2 | 0 | |a dáta |
| 610 | 2 | 0 | |a metódy výskumu |
| 610 | 2 | 0 | |a diskusia |
| 610 | 2 | 0 | |a Slovensko |
| 100 | 1 | |a Lesáková, Dagmar, 1949- | |